| 000 | nam a22 7a 4500 | ||
|---|---|---|---|
| 999 |
_c24118 _d24118 |
||
| 008 | 170127b xxu||||| |||| 00| 0 eng d | ||
| 050 | _aND623 .L5A5 1953 | ||
| 100 | _aRichter,Irma A. | ||
| 245 |
_aSelections from the Notebooks of Leonardo da Vinci. Edited, with commentaries, by Irma A. Richter. [With illustrations.]. / _cIrma A. Richter |
||
| 260 |
_aLondon : _bOxford University Press, _c1952. |
||
| 300 |
_axiii,417p. : _bill. ; _c16cm. |
||
| 500 | _aincludes index. | ||
| 942 |
_2lcc _cBOOKS _hND623 .L5A5 1953 |
||